[Event "GER-chT U14 Girls"]
[Site "Magdeburg"]
[Date "2012.12.30"]
[Round "7.2"]
[White "Reksten, Anne"]
[Black "Koehler, Inken"]
[Result "0-1"]
[WhiteElo "1593"]
[BlackElo "1474"]
[PlyCount "74"]
[EventDate "2012.12.27"]
[EventType "team-swiss"]
[EventRounds "7"]
[EventCountry "GER"]
[SourceTitle "EXT 2014"]
[Source "ChessBase"]
[SourceDate "2013.11.20"]
[SourceVersion "1"]
[SourceVersionDate "2013.11.20"]
[SourceQuality "1"]
[WhiteTeam "Solingen"]
[BlackTeam "Harksheide"]
[WhiteTeamCountry "GER"]
[BlackTeamCountry "GER"]

1. c4 c6 2. g3 d5 3. cxd5 cxd5 4. d4 Nf6 5. Bg2 Bf5 6. Nc3 e6 7. a3 Nc6 8. e3 Be7 9. Nge2 0-0 10. 0-0 Re8 11. Nf4 h6 12. b3 Rc8 13. Bb2 Na5 14. Na4 Bc2 15. Qe2 Nxb3 16. Ra2 Nxd4 17. Bxd4 Bxa4 18. Bxa7 Qa5 19. Bd4 Bb3 20. Raa1 Bc4 21. Nd3 Qb5 22. Rfd1 Ra8 23. Bb2 Nd7 24. Qd2 Bxd3 25. Qxd3 Qxb2 26. Rdb1 Qf6 27. Qb5 Nc5 28. a4 Qc3 29. a5 Qd3 30. Qxd3 Nxd3 31. Rxb7 Nc5 32. Rc7 Ra6 33. Bf1 Raa8 34. Bb5 Reb8 35. Bc6 Ra6 36. Rxe7 Rxc6 37. Rc1 Ra8 0-1

[Event "GER-chT U14 Girls"]
[Site "Magdeburg"]
[Date "2012.12.29"]
[Round "5.2"]
[White "Romanova, Alena"]
[Black "Reksten, Anne"]
[Result "1-0"]
[WhiteElo "1590"]
[BlackElo "1593"]
[PlyCount "77"]
[EventDate "2012.12.27"]
[EventType "team-swiss"]
[EventRounds "7"]
[EventCountry "GER"]
[SourceTitle "EXT 2014"]
[Source "ChessBase"]
[SourceDate "2013.11.20"]
[SourceVersion "1"]
[SourceVersionDate "2013.11.20"]
[SourceQuality "1"]
[WhiteTeam "Karlsruhe 1853"]
[BlackTeam "Solingen"]
[WhiteTeamCountry "GER"]
[BlackTeamCountry "GER"]

1. e4 c6 2. d4 d5 3. Nc3 dxe4 4. Nxe4 Bf5 5. Ng3 Bg6 6. N1e2 h6 7. Nf4 Bh7 8. Bc4 e6 9. 0-0 Nf6 10. Re1 Be7 11. Bxe6 0-0 12. Bb3 a5 13. a3 Na6 14. Ngh5 Nc7 15. Qf3 a4 16. Ba2 Bd6 17. c4 Nxh5 18. Nxh5 Qh4 19. g3 Qxd4 20. Rd1 Be4 21. Qg4 Qe5 22. Bf4 Bf5 23. Qf3 Be4 24. Qe2 Qf5 25. Rxd6 Qh3 26. f3 Qxh5 27. Qxe4 Qc5+ 28. Kg2 Rfe8 29. Qd3 Ne6 30. Be3 Qe5 31. Rd1 Qxb2+ 32. Rd2 Qe5 33. Bb1 f5 34. c5 Nxc5 35. Qc4+ Ne6 36. Bf4 Qb5 37. Ba2 Qxc4 38. Bxc4 Kf7 39. Re2 1-0

[Event "GER-chT U14 Girls"]
[Site "Magdeburg"]
[Date "2012.12.28"]
[Round "4.2"]
[White "Reksten, Anne"]
[Black "Arnhold, Steffi"]
[Result "1-0"]
[WhiteElo "1593"]
[BlackElo "1392"]
[PlyCount "85"]
[EventDate "2012.12.27"]
[EventType "team-swiss"]
[EventRounds "7"]
[EventCountry "GER"]
[SourceTitle "EXT 2014"]
[Source "ChessBase"]
[SourceDate "2013.11.20"]
[SourceVersion "1"]
[SourceVersionDate "2013.11.20"]
[SourceQuality "1"]
[WhiteTeam "Solingen"]
[BlackTeam "Grimma"]
[WhiteTeamCountry "GER"]
[BlackTeamCountry "GER"]

1. c4 Nf6 2. Nc3 e6 3. g3 b6 4. Bg2 Nc6 5. d4 Bb4 6. Bd2 Bxc3 7. Bxc3 Bb7 8. b4 d6 9. e3 Na5 10. Bxb7 Nxb7 11. Qa4+ Qd7 12. Qxd7+ Nxd7 13. Ne2 Nf6 14. f3 c5 15. Rc1 cxd4 16. exd4 Rc8 17. Bd2 0-0 18. Be3 Nd7 19. Kf2 a5 20. a3 Rc7 21. Rc3 Rfc8 22. Rhc1 axb4 23. axb4 Ra8 24. c5 bxc5 25. bxc5 dxc5 26. dxc5 Na5 27. c6 Nb8 28. Bb6 Rc8 29. c7 Nd7 30. Bxa5 Rxa5 31. Rd3 Nf8 32. Rd8 Raa8 33. Rcd1 f6 34. Nc3 Kf7 35. Nb5 Ke7 36. R8d2 e5 37. Kg2 Ne6 38. Rd7+ Kf8 39. R1d6 Ra2+ 40. Kg1 Nxc7 41. Nxc7 Rc2 42. Ne6+ Ke8 43. Nxg7+ 1-0

[Event "GER-chT U14 Girls"]
[Site "Magdeburg"]
[Date "2012.12.27"]
[Round "2.2"]
[White "Reksten, Anne"]
[Black "Boehm, Jana"]
[Result "1/2-1/2"]
[WhiteElo "1593"]
[BlackElo "1655"]
[PlyCount "66"]
[EventDate "2012.12.27"]
[EventType "team-swiss"]
[EventRounds "7"]
[EventCountry "GER"]
[SourceTitle "EXT 2014"]
[Source "ChessBase"]
[SourceDate "2013.11.20"]
[SourceVersion "1"]
[SourceVersionDate "2013.11.20"]
[SourceQuality "1"]
[WhiteTeam "Solingen"]
[BlackTeam "Oesede Georgsmarienhuette"]
[WhiteTeamCountry "GER"]
[BlackTeamCountry "GER"]

1. c4 Nf6 2. Nc3 g6 3. e4 d6 4. d4 Bg7 5. h3 0-0 6. Nf3 c5 7. Be3 Qa5 8. Qd2 Rd8 9. Be2 Nc6 10. a3 e5 11. d5 Nd4 12. Rb1 Nb3 13. Qc2 Nd4 14. Qd2 Nxe2 15. Nxe2 Qxd2+ 16. Nxd2 a5 17. b3 Bd7 18. Nc3 Nh5 19. g3 f5 20. Nf1 fxe4 21. Nxe4 Bf5 22. Nfd2 Nf6 23. f3 Nxe4 24. Nxe4 Bxe4 25. fxe4 Rf8 26. Rf1 Rxf1+ 27. Kxf1 Rf8+ 28. Ke2 b6 29. Rf1 Rxf1 30. Kxf1 Kf7 31. Bg5 Bf6 32. Bxf6 Kxf6 33. Ke2 g5 1/2-1/2

[Event "Solingen-ch"]
[Site "Solingen"]
[Date "2011.11.18"]
[Round "5"]
[White "Kublanov, Vladislav"]
[Black "Reksten, Anne"]
[Result "0-1"]
[WhiteElo "1621"]
[BlackElo "1673"]
[PlyCount "56"]
[EventDate "2011.09.23"]
[EventType "swiss"]
[EventRounds "7"]
[EventCountry "GER"]
[SourceTitle "EXT 2015"]
[Source "ChessBase"]
[SourceDate "2014.11.20"]
[SourceVersion "1"]
[SourceVersionDate "2014.11.20"]
[SourceQuality "1"]

1. Nf3 d5 2. d4 Nf6 3. Bf4 e6 4. e3 c5 5. c3 Nc6 6. Nbd2 a6 7. b3 b5 8. Bd3 c4 9. bxc4 bxc4 10. Nxc4 dxc4 11. Bxc4 Nd5 12. Bxd5 exd5 13. Qd3 Bd6 14. Ne5 Nxe5 15. dxe5 Bc7 16. 0-0 0-0 17. Rfd1 Bb7 18. Rab1 Bc6 19. c4 Ba4 20. cxd5 Bxd1 21. Rxd1 Qd7 22. e6 fxe6 23. Bxc7 Qxc7 24. d6 Qd7 25. e4 Qf7 26. f3 e5 27. a4 Qe6 28. d7 Rfd8 0-1

[Event "GER-ch U14 Girls"]
[Site "Oberhof"]
[Date "2011.06.17"]
[Round "8"]
[White "Reksten, Anne"]
[Black "Koch, Elisabeth"]
[Result "1-0"]
[WhiteElo "1358"]
[BlackElo "1538"]
[PlyCount "93"]
[EventDate "2011.06.11"]
[EventType "swiss"]
[EventRounds "9"]
[EventCountry "GER"]
[SourceTitle "CBM 142 Extra"]
[Source "ChessBase"]
[SourceDate "2011.06.27"]
[SourceVersion "1"]
[SourceVersionDate "2011.06.27"]
[SourceQuality "1"]

1. c4 e5 2. g3 Nf6 3. Bg2 c6 4. d4 exd4 5. Qxd4 d5 6. cxd5 Be7 7. Nf3 cxd5 8. Nc3 Nc6 9. Qa4 0-0 10. Be3 Bf5 11. 0-0 a6 12. Nd4 Nxd4 13. Qxd4 Be6 14. Rfd1 Rc8 15. Nxd5 Nxd5 16. Bxd5 Bf6 17. Qe4 Bxd5 18. Rxd5 Qe8 19. Qxe8 Rfxe8 20. Rb1 Rc2 21. Kf1 Rxb2 22. Rxb2 Bxb2 23. Rd7 b5 24. Ra7 Kf8 25. Bc5+ Kg8 26. Rxa6 f6 27. Ra5 Re5 28. Rxb5 Bc3 29. Rb8+ Kf7 30. Rc8 Rd5 31. Rc7+ Kg8 32. a3 Rd1+ 33. Kg2 Be5 34. Ra7 Rd8 35. a4 Bd6 36. Bxd6 Rxd6 37. a5 h6 38. a6 Kh7 39. Ra8 Kg6 40. a7 Ra6 41. e4 Kf7 42. Kh3 Ra5 43. f4 Ra2 44. e5 fxe5 45. fxe5 Ra4 46. e6+ Ke7 47. Rg8 1-0

[Event "GER-ch U14 Girls"]
[Site "Oberhof"]
[Date "2011.06.15"]
[Round "6"]
[White "Klinge, Alexandra"]
[Black "Reksten, Anne"]
[Result "0-1"]
[WhiteElo "1127"]
[BlackElo "1358"]
[PlyCount "36"]
[EventDate "2011.06.11"]
[EventType "swiss"]
[EventRounds "9"]
[EventCountry "GER"]
[SourceTitle "CBM 142 Extra"]
[Source "ChessBase"]
[SourceDate "2011.06.27"]
[SourceVersion "1"]
[SourceVersionDate "2011.06.27"]
[SourceQuality "1"]

1. e4 c6 2. d4 d5 3. Nc3 dxe4 4. Nxe4 Bf5 5. Ng3 Bg6 6. h4 h6 7. Nf3 Nd7 8. h5 Bh7 9. Bd3 Bxd3 10. Qxd3 e6 11. Bd2 Ngf6 12. 0-0-0 c5 13. Kb1 Qc7 14. Bc1 c4 15. Qe2 Nd5 16. c3 b5 17. a3 Bxa3 18. bxa3 Nxc3+ 0-1

[Event "GER-ch U14 Girls"]
[Site "Oberhof"]
[Date "2011.06.14"]
[Round "5"]
[White "Halas, Lena"]
[Black "Reksten, Anne"]
[Result "1-0"]
[WhiteElo "1558"]
[BlackElo "1358"]
[PlyCount "51"]
[EventDate "2011.06.11"]
[EventType "swiss"]
[EventRounds "9"]
[EventCountry "GER"]
[SourceTitle "CBM 142 Extra"]
[Source "ChessBase"]
[SourceDate "2011.06.27"]
[SourceVersion "1"]
[SourceVersionDate "2011.06.27"]
[SourceQuality "1"]

1. e4 c6 2. d4 d5 3. Nc3 dxe4 4. Nxe4 Bf5 5. Ng3 Bg6 6. Nh3 h6 7. Nf4 Bh7 8. c3 e6 9. Bd3 Bxd3 10. Qxd3 Nf6 11. Bd2 Qc7 12. 0-0-0 Bd6 13. Qf3 Na6 14. Rhe1 0-0-0 15. h3 c5 16. d5 exd5 17. Nxd5 Nxd5 18. Qxd5 Kb8 19. Qf3 Rhe8 20. Nf5 Rxe1 21. Rxe1 Be5 22. Nxg7 Rxd2 23. Kxd2 Qd7+ 24. Kc1 Qe7 25. Nf5 Qe6 26. Qe4 1-0

[Event "GER-ch U14 Girls"]
[Site "Oberhof"]
[Date "2011.06.12"]
[Round "2"]
[White "Zahn, Alina"]
[Black "Reksten, Anne"]
[Result "1-0"]
[WhiteElo "1599"]
[BlackElo "1358"]
[PlyCount "67"]
[EventDate "2011.06.11"]
[EventType "swiss"]
[EventRounds "9"]
[EventCountry "GER"]
[SourceTitle "CBM 142 Extra"]
[Source "ChessBase"]
[SourceDate "2011.06.27"]
[SourceVersion "1"]
[SourceVersionDate "2011.06.27"]
[SourceQuality "1"]

1. e4 c6 2. d4 d5 3. exd5 cxd5 4. Bd3 Nc6 5. c3 Nf6 6. h3 e6 7. Nf3 Be7 8. 0-0 Qc7 9. Re1 0-0 10. Ne5 Nxe5 11. dxe5 Nd7 12. Qh5 g6 13. Qe2 Re8 14. Nd2 a6 15. Nf3 Bf8 16. h4 h5 17. Bg5 Bg7 18. Qe3 Kh7 19. Bf4 Qc5 20. Ng5+ Kg8 21. Qg3 Nf8 22. Re3 Qb6 23. Rb1 f6 24. exf6 Bxf6 25. Be5 Bxe5 26. Qxe5 Nd7 27. Qg3 e5 28. Qf3 Nf6 29. Bxg6 Bg4 30. Qg3 Nd7 31. Bxe8 Rxe8 32. Nf3 Qg6 33. Rbe1 e4 34. Nd4 1-0

[Event "Solingen Karneval op"]
[Site "Solingen"]
[Date "2011.03.05"]
[Round "2"]
[White "Reksten, Anne"]
[Black "Bashylin, Seva"]
[Result "0-1"]
[WhiteElo "1358"]
[BlackElo "1686"]
[PlyCount "116"]
[EventDate "2011.03.04"]
[EventType "swiss"]
[EventRounds "5"]
[EventCountry "GER"]
[SourceTitle "EXT 2015"]
[Source "ChessBase"]
[SourceDate "2014.11.20"]
[SourceVersion "1"]
[SourceVersionDate "2014.11.20"]
[SourceQuality "1"]

1. c4 e5 2. g3 Nc6 3. Bg2 g6 4. Nc3 Bg7 5. e3 f5 6. Nge2 Nf6 7. 0-0 0-0 8. f4 e4 9. a3 d5 10. cxd5 Nxd5 11. Rb1 Be6 12. b3 Nb6 13. Qc2 Nd7 14. Na4 Nf6 15. Nc5 Bc8 16. Bb2 Qd6 17. Nd4 Nxd4 18. Bxd4 b6 19. b4 bxc5 20. Bxc5 Qd7 21. Bxf8 Bxf8 22. a4 Rb8 23. b5 Ne8 24. Rfd1 Nd6 25. Bf1 Bb7 26. Rbc1 Rc8 27. a5 Bd5 28. Rb1 Qe6 29. Rdc1 Bg7 30. Qc5 Bf8 31. Qxa7 Nc4 32. Bxc4 Bxc4 33. b6 Bc5 34. Rxc4 Qxc4 35. b7 Rf8 36. b8Q Bxa7 37. Qxa7 Qd3 38. Rb2 Qa3 39. Rc2 Qa1+ 40. Kg2 Qb1 41. Rxc7 Qb2 42. Qd4 Qxd4 43. exd4 Ra8 44. d5 Rxa5 45. d6 Rd5 46. d7 Kf8 47. Rc8+ Ke7 48. d8Q+ Rxd8 49. Rxd8 Kxd8 50. h3 Ke7 51. Kf2 h6 52. Ke3 Ke6 53. d3 exd3 54. Kxd3 Kd5 55. Ke3 Kc4 56. g4 Kc3 57. Kf3 Kd3 58. h4 h5 0-1

[Event "Solingen Karneval op"]
[Site "Solingen"]
[Date "2011.03.05"]
[Round "3"]
[White "Schlepuetz, Volker"]
[Black "Reksten, Anne"]
[Result "0-1"]
[WhiteElo "1395"]
[BlackElo "1358"]
[PlyCount "100"]
[EventDate "2011.03.04"]
[EventType "swiss"]
[EventRounds "5"]
[EventCountry "GER"]
[SourceTitle "EXT 2015"]
[Source "ChessBase"]
[SourceDate "2014.11.20"]
[SourceVersion "1"]
[SourceVersionDate "2014.11.20"]
[SourceQuality "1"]

1. d4 d5 2. Nf3 Nf6 3. Bf4 e6 4. e3 a6 5. Nbd2 c5 6. c3 Nc6 7. Bd3 Be7 8. Ne5 Nxe5 9. dxe5 Nd7 10. h3 0-0 11. h4 Re8 12. Qh5 Nf8 13. g4 b5 14. g5 c4 15. Bc2 b4 16. Rg1 a5 17. Bxh7+ Nxh7 18. g6 fxg6 19. Qxg6 Bf8 20. Nf3 Qe7 21. Ng5 Nxg5 22. hxg5 Qf7 23. Qxf7+ Kxf7 24. g6+ Ke7 25. Rh1 Rb8 26. Rh8 bxc3 27. Bg5+ Kd7 28. bxc3 Rb2 29. e4 Bb7 30. exd5 Bxd5 31. Be3 Be4 32. Rh4 Bd3 33. Rf4 Kc6 34. Rf7 Rb7 35. Rxb7 Kxb7 36. Kd2 Bxg6 37. Rg1 Rd8+ 38. Bd4 Bd3 39. f4 g6 40. Rh1 Kc6 41. a4 Bc5 42. Ke3 Bxd4+ 43. cxd4 Kd5 44. Rh7 Kc6 45. Ra7 Kb6 46. Rh7 Bf5 47. Rh2 c3 48. Ra2 Rc8 49. Ra3 c2 50. Rb3+ Ka6 0-1

[Event "GER-chT DLM U20"]
[Site "Stuttgart"]
[Date "2010.11.18"]
[Round "3.8"]
[White "Weber, Sandra"]
[Black "Reksten, Anne"]
[Result "1/2-1/2"]
[WhiteElo "1511"]
[BlackElo "1407"]
[PlyCount "99"]
[EventDate "2010.11.17"]
[EventType "team-tourn"]
[EventRounds "7"]
[EventCountry "GER"]
[SourceTitle "EXT 2022"]
[Source "ChessBase"]
[SourceDate "2021.10.06"]
[SourceVersion "1"]
[SourceVersionDate "2021.10.06"]
[SourceQuality "1"]
[WhiteTeam "Wuerttemberg U20"]
[BlackTeam "Nordrhein Westfalen U20"]
[WhiteTeamCountry "GER"]
[BlackTeamCountry "GER"]

1. e4 c6 2. d4 d5 3. Nc3 dxe4 4. Nxe4 Bf5 5. Ng3 Bg6 6. Nf3 Nd7 7. h4 h6 8. h5 Bh7 9. Bd3 Bxd3 10. Qxd3 e6 11. Bf4 Ngf6 12. Ne4 Nxe4 13. Qxe4 Nf6 14. Qd3 Nd5 15. Bg3 Bd6 16. Ne5 0-0 17. c3 c5 18. 0-0-0 Rc8 19. Bh4 Qc7 20. Rhe1 Nb4 21. Qc4 cxd4 22. Qxc7 Rxc7 23. Rxd4 Nd5 24. Kb1 Bc5 25. Rd2 Rfc8 26. Red1 b5 27. Nf3 Bb6 28. Bg3 Rd7 29. Ne5 Rdd8 30. Rd3 a6 31. Rc1 f6 32. Ng6 Kf7 33. Rf3 Ne7 34. Ne5+ Ke8 35. Nd3 Nf5 36. Re1 Kf7 37. Bh2 Nh4 38. Rg3 Bc7 39. f4 Nf5 40. Rf3 a5 41. g4 Ne7 42. Nc5 Rd6 43. Rfe3 Bb6 44. Rxe6 Rxe6 45. Nxe6 f5 46. g5 Nc6 47. g6+ Kg8 48. Rd1 Re8 49. Rd6 Nd8 50. Nxd8 1/2-1/2

[Event "GER-ch U12"]
[Site "Oberhof"]
[Date "2010.05.28"]
[Round "10"]
[White "Boehme, Matthias"]
[Black "Reksten, Anne"]
[Result "1-0"]
[WhiteElo "1080"]
[BlackElo "1383"]
[PlyCount "87"]
[EventDate "2010.05.22"]
[EventType "swiss"]
[EventRounds "11"]
[EventCountry "GER"]
[SourceTitle "CBM 136 Extra"]
[Source "ChessBase"]
[SourceDate "2010.07.02"]
[SourceVersion "2"]
[SourceVersionDate "2010.07.15"]
[SourceQuality "1"]

1. e4 c6 2. d4 d5 3. exd5 cxd5 4. c4 Nc6 5. Nc3 dxc4 6. Nf3 Bg4 7. Bxc4 Bxf3 8. Qxf3 e6 9. Bb5 Nge7 10. 0-0 a6 11. Bxc6+ Nxc6 12. d5 exd5 13. Nxd5 Be7 14. Bf4 0-0 15. Rad1 Qa5 16. Qg3 Rfd8 17. Bc7 Qc5 18. Nxe7+ Qxe7 19. Bxd8 Rxd8 20. Rxd8+ Qxd8 21. Qe3 h6 22. Re1 Kh7 23. Qe4+ g6 24. Qe8 Qd5 25. b3 Nb4 26. Qe4 Qd2 27. Qe2 Qd7 28. Qe7 Qxe7 29. Rxe7 Kg7 30. Rxb7 Nxa2 31. Rb6 Nc1 32. Kf1 Kf8 33. Ke1 Nd3+ 34. Ke2 Nf4+ 35. Kf1 a5 36. Ra6 Ke8 37. Rxa5 Kd8 38. Ra7 f6 39. b4 Kc8 40. b5 Kb8 41. Ra6 Nd5 42. Rd6 Nc3 43. Rxf6 Nxb5 44. Rxg6 1-0

[Event "GER-ch U12"]
[Site "Oberhof"]
[Date "2010.05.23"]
[Round "1"]
[White "Reksten, Anne"]
[Black "Rempe, Moritz"]
[Result "0-1"]
[WhiteElo "1383"]
[BlackElo "1631"]
[PlyCount "96"]
[EventDate "2010.05.22"]
[EventType "swiss"]
[EventRounds "11"]
[EventCountry "GER"]
[SourceTitle "CBM 136 Extra"]
[Source "ChessBase"]
[SourceDate "2010.07.02"]
[SourceVersion "2"]
[SourceVersionDate "2010.07.15"]
[SourceQuality "1"]

1. c4 e5 2. g3 Nf6 3. Bg2 Bc5 4. e3 d5 5. cxd5 Nxd5 6. Qh5 Nc6 7. d4 g6 8. Qf3 Bb4+ 9. Nd2 Be6 10. h3 exd4 11. exd4 Nxd4 12. Qd3 c5 13. a3 Bxd2+ 14. Bxd2 Bf5 15. Be4 Qe7 16. f3 Nf6 17. g4 Bxe4 18. fxe4 Qxe4+ 19. Qxe4+ Nxe4 20. Rc1 Nxd2 21. Kxd2 Nb3+ 22. Kc2 Nxc1 23. Kxc1 0-0 24. Ne2 Rfe8 25. Nc3 Re5 26. Kd2 Rd8+ 27. Kc2 Re3 28. h4 Rdd3 29. h5 Rh3 30. Rxh3 Rxh3 31. Ne4 b6 32. hxg6 fxg6 33. a4 Re3 34. Nd6 Kf8 35. b3 Re6 36. Nc4 Ke7 37. Kd3 Rd6+ 38. Ke4 Rd4+ 39. Kf3 Rd3+ 40. Kf4 Rxb3 41. Kg5 Ke6 42. Kh6 Rg3 43. Kg5 h6+ 44. Kf4 Rc3 45. Nb2 Rb3 46. Nd1 Rb4+ 47. Kf3 Rxa4 48. Ne3 Ra3 0-1

[Event "GER-ch U12"]
[Site "Willingen"]
[Date "2009.06.06"]
[Round "11"]
[White "Bajorski, Maria Sophie"]
[Black "Reksten, Anne"]
[Result "1-0"]
[WhiteElo "1485"]
[BlackElo "1176"]
[PlyCount "55"]
[EventDate "2009.05.30"]
[EventType "swiss"]
[EventRounds "11"]
[EventCountry "GER"]
[SourceTitle "EXT 2010"]
[Source "ChessBase"]
[SourceDate "2010.11.25"]
[SourceVersion "1"]
[SourceVersionDate "2010.11.25"]
[SourceQuality "1"]

1. e4 c6 2. Nc3 d5 3. Nf3 Bg4 4. h3 Bh5 5. exd5 cxd5 6. Bb5+ Nc6 7. g4 Bg6 8. Ne5 Qd6 9. d4 a6 10. Bxc6+ bxc6 11. Qf3 f6 12. Nxg6 hxg6 13. Be3 e5 14. 0-0-0 Ne7 15. Rhe1 e4 16. Qg2 g5 17. f3 Ng6 18. fxe4 Nf4 19. Bxf4 Qxf4+ 20. Kb1 Kf7 21. exd5 Bd6 22. dxc6 Qg3 23. Qd5+ Kg6 24. Ne4 Qf4 25. Nxd6 Rhd8 26. Qf7+ Kh7 27. Nf5 Rg8 28. Qh5# 1-0

[Event "GER-ch U12"]
[Site "Willingen"]
[Date "2009.06.05"]
[Round "10"]
[White "Reksten, Anne"]
[Black "Diederichs, Luise"]
[Result "1/2-1/2"]
[WhiteElo "1176"]
[BlackElo "1209"]
[PlyCount "42"]
[EventDate "2009.05.30"]
[EventType "swiss"]
[EventRounds "11"]
[EventCountry "GER"]
[SourceTitle "EXT 2010"]
[Source "ChessBase"]
[SourceDate "2010.11.25"]
[SourceVersion "1"]
[SourceVersionDate "2010.11.25"]
[SourceQuality "1"]

1. c4 e6 2. g3 d5 3. Bg2 Nf6 4. Nf3 Be7 5. d4 Nbd7 6. Qc2 b6 7. 0-0 0-0 8. Na3 a6 9. Rd1 Bb7 10. b3 Rc8 11. e3 c5 12. Qd3 cxd4 13. exd4 Qc7 14. Bb2 Rfe8 15. Rac1 Qb8 16. Re1 dxc4 17. bxc4 Red8 18. Qe3 Qa8 19. Red1 h6 20. h3 Bb4 21. Kh2 Bd6 1/2-1/2

[Event "GER-ch U12"]
[Site "Willingen"]
[Date "2009.06.03"]
[Round "7"]
[White "Reksten, Anne"]
[Black "Cech, Tim"]
[Result "0-1"]
[WhiteElo "1176"]
[BlackElo "1410"]
[PlyCount "96"]
[EventDate "2009.05.30"]
[EventType "swiss"]
[EventRounds "11"]
[EventCountry "GER"]
[SourceTitle "EXT 2010"]
[Source "ChessBase"]
[SourceDate "2010.11.25"]
[SourceVersion "1"]
[SourceVersionDate "2010.11.25"]
[SourceQuality "1"]

1. c4 c5 2. g3 Nf6 3. Bg2 g6 4. e3 Nc6 5. Ne2 Bg7 6. Nbc3 0-0 7. 0-0 e6 8. d4 cxd4 9. exd4 d5 10. b3 b6 11. Bb2 Bb7 12. Re1 Re8 13. Rc1 Na5 14. Qd3 Ba6 15. Nd1 Rc8 16. Ne3 Qc7 17. Rc2 dxc4 18. bxc4 Nxc4 19. Nxc4 Bxc4 20. Qd2 Qb8 21. Bc3 Bd5 22. Bh3 Ne4 23. Qc1 Nxc3 24. Rxc3 Bxa2 25. Rxc8 Qxc8 26. Qa1 Bd5 27. Qxa7 Qb8 28. Qa4 b5 29. Qb4 Ba8 30. Nf4 g5 31. Bg2 gxf4 32. Bxa8 Qxa8 33. Qxb5 fxg3 34. hxg3 Bxd4 35. Rd1 Rd8 36. Qg5+ Kf8 37. Qh6+ Bg7 38. Rxd8+ Qxd8 39. Qxh7 Qd1+ 40. Kg2 Qd5+ 41. Kf1 Qf5 42. Qh2 Bd4 43. Kg1 e5 44. Qg2 e4 45. Kf1 e3 46. f3 Qb1+ 47. Ke2 Qc2+ 48. Kf1 Qd1# 0-1

[Event "GER-ch U25 op"]
[Site "Willingen"]
[Date "2008.05.17"]
[Round "9"]
[White "Lang, Stephan"]
[Black "Reksten, Anne"]
[Result "1-0"]
[WhiteElo "1451"]
[BlackElo "807"]
[PlyCount "109"]
[EventDate "2008.05.11"]
[EventType "swiss"]
[EventRounds "9"]
[EventCountry "GER"]
[SourceTitle "CBM 124 Extra"]
[Source "ChessBase"]
[SourceDate "2008.07.03"]
[SourceVersion "1"]
[SourceVersionDate "2008.07.03"]
[SourceQuality "1"]

1. e4 c6 2. d4 d5 3. e5 Bf5 4. g4 Bg6 5. h4 h6 6. h5 Bh7 7. e6 f5 8. gxf5 Bxf5 9. Bd3 Bxe6 10. Nf3 Nf6 11. Ne5 Ne4 12. f3 Nd6 13. Bg6+ Nf7 14. Qd3 Qd6 15. Bxf7+ Bxf7 16. Qf5 Be6 17. Qg6+ Kd8 18. Rh3 Qb4+ 19. c3 Qd6 20. Bf4 Nd7 21. Nd3 Bf7 22. Qxf7 Qf6 23. Qg6 Qxg6 24. hxg6 Rc8 25. Be3 b6 26. Nd2 c5 27. Nf4 cxd4 28. Bxd4 Rc6 29. Nxd5 Re6+ 30. Kd1 Rxg6 31. Nc4 e5 32. Be3 Bc5 33. Bxc5 Nxc5 34. Ke2 Rg2+ 35. Ke3 Re8 36. Rhh1 Rg3 37. Rag1 Rxg1 38. Rxg1 g5 39. Nf6 Re6 40. Ng8 e4 41. Rh1 exf3+ 42. Kxf3 Nd3 43. Rxh6 Ne1+ 44. Kf2 Nd3+ 45. Kg3 Re2 46. Rd6+ Kc7 47. Rxd3 Re4 48. Ne3 a5 49. Nf6 Re5 50. Kg4 Kc6 51. b4 Rb5 52. Nf5 Re5 53. Rd6+ Kc7 54. Rd7+ Kc6 55. Nd4# 1-0

[Event "GER-ch U25 op"]
[Site "Willingen"]
[Date "2008.05.15"]
[Round "7"]
[White "Reksten, Anne"]
[Black "Kaphle, Christian"]
[Result "1-0"]
[WhiteElo "807"]
[BlackElo "715"]
[PlyCount "127"]
[EventDate "2008.05.11"]
[EventType "swiss"]
[EventRounds "9"]
[EventCountry "GER"]
[SourceTitle "CBM 124 Extra"]
[Source "ChessBase"]
[SourceDate "2008.07.03"]
[SourceVersion "1"]
[SourceVersionDate "2008.07.03"]
[SourceQuality "1"]

1. c4 e5 2. Nc3 Nf6 3. g3 Nc6 4. e3 d5 5. b3 Bc5 6. Nge2 0-0 7. Bg2 dxc4 8. bxc4 h6 9. 0-0 Qd7 10. Bb2 Rd8 11. Nd5 Nxd5 12. cxd5 Ne7 13. Bxe5 Bd6 14. Bb2 Bc5 15. Qc2 Bb6 16. Qc3 f6 17. Nf4 c6 18. Nh5 cxd5 19. Nxf6+ gxf6 20. Qxf6 Nf5 21. Qh8+ Kf7 22. Qf6+ Ke8 23. Bh3 Qf7 24. Qe5+ Be6 25. Bxf5 Qxf5 26. Qg7 Qf8 27. Qe5 Qe7 28. Rfe1 Bc7 29. Qh5+ Kd7 30. Qxh6 Rf8 31. e4 Qf7 32. Bd4 Bb6 33. Be3 d4 34. Bf4 Ba5 35. Rab1 b6 36. Rbc1 Rac8 37. Qg5 d3 38. Qb5+ Kd8 39. Qxd3+ Bd7 40. Rxc8+ Kxc8 41. Rc1+ Kd8 42. Bg5+ Ke8 43. f4 Qxa2 44. Qd6 Kf7 45. Qf6+ Kg8 46. Qe7 Rf7 47. Qd8+ Kg7 48. f5 Kh7 49. Rd1 Qa4 50. Re1 Qd4+ 51. Be3 Qf6 52. Qc7 Qg7 53. Qf4 Kg8 54. g4 Qh7 55. Bd4 Qh3 56. Re3 Qh7 57. Rg3 Bb5 58. Kg2 Rd7 59. Qb8+ Kf7 60. Rh3 Qg8 61. Qe5 Qg5 62. Rh7+ Kf8 63. Bc5+ Kg8 64. Qh8# 1-0